One Piece - Personnage par Attaque - Statistiques

Statistiques générales
  • Ce quiz a été pris 89 fois
  • Le résultat moyen est 13 sur 25
Statistiques - réponses
Attaque Personnage % Correct
Gum - Gum Star Gun Monkey D. Luffy
100%
L'enfer du Dragon aux 103 Passions Roronoa Zoro
93%
Ifrit Jambe Vinsmoke Sanji
92%
Demonio Fleur Nico Robin
88%
Séisme insulaire Edward Newgate
78%
Thunder Breed Tempo Nami
77%
Soul Parade Brook
74%
Six Pouvoirs Gun Rob Lucci
73%
Venin Démoniaque Magellan
70%
Trépas Divin Gol D. Roger, Shanks
58%
Ursus Choc Bartholomew Kuma
54%
Onde sismique Marshall D. Teach
50%
Candy Shower Charlotte Perospero
46%
Souffle Ardent Kaidou
46%
Vague Gluante Charlotte Katakuri
42%
Raigo Ener
42%
Perles Sacrées de Sagesse Borsalino Kizaru
38%
Onde de Ponction Trafalgar D. Water Law
34%
Colonne Foudroyante Charlotte Linlin
32%
Grand Dragon de Feu Impérial King ( Alber )
24%
Ground Secco Crocodile
23%
God Thread Don Quichotte Doflamingo
20%
Near - Death Experience Jewelry Bonney
14%
Élancement du serpent blanc Yamato
12%
Coup du Dragon Bleu Jinbe
8%
Aucun quiz correspondant
Distribution des résultats
% des personnes avec chaque résultat
Percentile par nombre de réponses
Votre historique - résultats
Vous n’avez pas pris ce quiz